[Event "24th Dubai Open A 2024"]
[Site "Dubai UAE"]
[Date "2024.05.25"]
[Round "1.23"]
[White "Zhai, Mo"]
[Black "Srihari, L R"]
[Result "1/2-1/2"]
[WhiteTitle "WGM"]
[BlackTitle "IM"]
[WhiteElo "2348"]
[BlackElo "2485"]
[WhiteFideId "8600201"]
[BlackFideId "46617116"]
[EventDate "2024.05.25"]

1. d4 e6 2. c4 f5 3. Nc3 Nf6 4. g3 Be7 5. Bg2 O-O 6. Nf3 d6 7. O-O Ne4 8. a4 Nc6
9. a5 Bf6 10. e3 Rb8 11. Bd2 b6 12. axb6 axb6 13. Qc2 Bb7 14. d5 Nb4 15. Qb3 Nd3
16. Qc2 Nb4 17. Qb3 Na6 18. Qc2 Nac5 19. Rfd1 Ra8 20. dxe6 Nxc3 21. Bxc3 Be4 22.
Bxf6 Qxf6 23. Qe2 Rxa1 24. Rxa1 Bd3 25. Qe1 Bxc4 26. Ra7 Nxe6 27. Nd2 Bb5 28.
Bd5 c6 29. Bxe6+ Qxe6 30. Qc1 h6 31. Qc3 Rf7 32. Ra8+ Rf8 33. Ra7 Rf7 34. Ra8+
Kh7 35. Qb4 Qd5 36. e4 Qd3 37. Ra3 Qe2 38. Re3 Qd1+ 39. Kg2 f4 40. Rf3 Rf6 41.
h3 Qe1 42. Qd4 fxg3 43. Rxf6 gxf6 44. Kxg3 Qg1+ 45. Kf3 Qh1+ 46. Kg3 Qg1+ 47.
Kf3 Qh1+ 48. Kg3 Kg6 49. Nf3 Bf1 50. Qxd6 Qxh3+ 51. Kf4 Qh5 52. Qf8 Bc4 53. Qe8+
Bf7 54. Qxc6 b5 55. e5 Qf5+ 56. Ke3 Kg7 57. Qxb5 Qe6 58. Kd2 Qd5+ 59. Qxd5 Bxd5
60. Ke3 fxe5 61. Nxe5 Kf6 62. Nd3 Kf5 63. b4 Bc6 64. Nf4 Kg4 65. Ng6 Be8 66.
Ne5+ Kf5 67. Nf3 h5 68. b5 Ke6 69. b6 Kd7 70. Nd4 Kc8 71. Nf5 Bd7 72. Nd6+ Kb8
73. f4 h4 74. Kf3 h3 75. Kg3 Ka8 76. Ne4 Bf5 77. Nd6 Bd7 78. Kh2 Kb8 79. Ne4 Bf5
80. Nc5 Ka8 81. Kg3 Kb8 82. Nb3 Kb7 83. Nd4 Bd7 84. f5 Bxf5 85. Nxf5 Kxb6 86.
Kxh3 1/2-1/2

[Event "24th Dubai Open A 2024"]
[Site "Dubai UAE"]
[Date "2024.05.25"]
[Round "1.25"]
[White "Hakobyan, Erik"]
[Black "Zhu, Jiner"]
[Result "1-0"]
[WhiteTitle "FM"]
[BlackTitle "GM"]
[WhiteElo "2335"]
[BlackElo "2476"]
[WhiteFideId "13313940"]
[BlackFideId "8608059"]
[EventDate "2024.05.25"]

1. e4 e5 2. Nf3 Nc6 3. Bb5 a6 4. Ba4 Nf6 5. O-O b5 6. Bb3 Bc5 7. a4 Bb7 8. d3 d6
9. Nc3 Na5 10. Ba2 b4 11. Ne2 O-O 12. Ng3 b3 13. cxb3 h6 14. Bxh6 gxh6 15. Qd2
Kh7 16. Nf5 Ng8 17. b4 Bxb4 18. Qxb4 c5 19. Qd2 Nc6 20. Bd5 Rb8 21. N3h4 Nce7
22. Ba2 Nxf5 23. Nxf5 Kg6 24. f4 Bc8 25. Ne3 exf4 26. Rxf4 Be6 27. Bd5 Qb6 28.
Rf2 Qb4 29. Qe2 Qd4 30. Raf1 Bxd5 31. Nxd5 Kh7 32. Nc3 Rb7 33. Kh1 Qg7 34. Qh5
Qg6 35. Qd5 Rc7 36. Qc4 Ra7 37. Rf3 Kh8 38. Nd5 Qe6 39. Qc1 Qe5 40. Rf5 Qg7 41.
Ne3 Re8 42. Nc4 Re6 43. Qf4 f6 44. Rh5 Rd7 45. Ne3 Qg6 46. Rh3 Qg5 47. Qf2 Rh7
48. Rf3 Rf7 49. Nd5 Rb7 50. Nf4 Re8 51. Rg3 1-0

[Event "24th Dubai Open A 2024"]
[Site "Dubai UAE"]
[Date "2024.05.25"]
[Round "1.26"]
[White "Rathanvel, V S"]
[Black "Laddha, Shubh Jayesh"]
[Result "1-0"]
[WhiteTitle "IM"]
[BlackTitle "FM"]
[WhiteElo "2471"]
[BlackElo "2324"]
[WhiteFideId "25002112"]
[BlackFideId "30942799"]
[EventDate "2024.05.25"]

1. e4 e5 2. Nf3 Nc6 3. Bb5 a6 4. Ba4 Nf6 5. O-O Be7 6. d3 b5 7. Bb3 d6 8. a4 Bd7
9. c3 O-O 10. Bc2 Re8 11. Re1 h6 12. h3 Bf8 13. Nbd2 d5 14. d4 Nxe4 15. axb5
axb5 16. Rxa8 Qxa8 17. dxe5 Nxd2 18. Qxd2 Nd8 19. Qd3 g6 20. Nh4 Qa6 21. Qxd5
Qe6 22. Qd1 Qe7 23. Bf4 Ne6 24. Bg3 Bc6 25. Kh2 Rd8 26. Qe2 Qg5 27. Nf3 Qh5 28.
Be4 Bxe4 29. Qxe4 b4 30. Nd4 Nxd4 31. cxd4 Qf5 32. Qc6 Rxd4 33. Qxc7 h5 34. h4
Qe6 35. Ra1 g5 36. Ra8 gxh4 37. Qc5 hxg3+ 38. fxg3 Rd7 39. Qxf8+ Kh7 40. Re8 Qc6
41. Qh8+ Kg6 42. e6 Rd2 43. Qg8+ Kh6 44. Qf8+ Kg5 45. Qg7+ Kf5 46. Qxf7+ Ke4 47.
Qf3+ 1-0

[Event "24th Dubai Open A 2024"]
[Site "Dubai UAE"]
[Date "2024.05.25"]
[Round "1.27"]
[White "Krawczyk, Flawian"]
[Black "Gholami Orimi, Mahdi"]
[Result "1/2-1/2"]
[WhiteTitle "CM"]
[BlackTitle "IM"]
[WhiteElo "2315"]
[BlackElo "2470"]
[WhiteFideId "21881413"]
[BlackFideId "12558486"]
[EventDate "2024.05.25"]

1. e4 e5 2. Nf3 Nc6 3. Bb5 f5 4. d4 fxe4 5. Bxc6 dxc6 6. Nxe5 Nf6 7. Bg5 Be7 8.
c3 O-O 9. Nd2 Qd5 10. Qb3 Bd6 11. Ndc4 Be6 12. Qc2 Bxe5 13. Nxe5 c5 14. Be3 Rac8
15. c4 Qd6 16. Rd1 Rce8 17. b3 Bg4 18. Nxg4 Nxg4 19. Qe2 Qg6 20. dxc5 Nxe3 21.
fxe3 Qg5 22. Rd5 Qh4+ 23. g3 Qf6 24. Rd4 Qe5 25. Rf1 Qxc5 26. Rf4 c6 27. Kf2
Rxf4+ 28. gxf4 Qf5 29. Kg1 h5 30. Rd6 a5 31. Qg2 Qc5 32. Rd4 Qf5 33. Qg5 Qxg5+
34. fxg5 Kf7 35. h4 Re7 36. Rd6 Re6 37. Rd7+ Re7 1/2-1/2

[Event "24th Dubai Open A 2024"]
[Site "Dubai UAE"]
[Date "2024.05.25"]
[Round "1.28"]
[White "Movahed, Sina"]
[Black "Goh, Zi Han"]
[Result "0-1"]
[WhiteTitle "IM"]
[BlackTitle "FM"]
[WhiteElo "2463"]
[BlackElo "2306"]
[WhiteFideId "42520835"]
[BlackFideId "5819156"]
[EventDate "2024.05.25"]

1. e4 c5 2. Nf3 d6 3. d4 cxd4 4. Nxd4 Nf6 5. Nc3 a6 6. Bd3 g6 7. f3 Qb6 8. a3
Nc6 9. Be3 e5 10. Nf5 Qd8 11. Ng3 Be6 12. O-O Bg7 13. Qd2 O-O 14. Rad1 Rc8 15.
Qf2 Nd4 16. Nge2 Nxe2+ 17. Bxe2 Qe7 18. Rd2 Rfd8 19. Rfd1 Nh5 20. Bf1 Bf6 21. g3
Bg5 22. Bxg5 Qxg5 23. Qb6 Rc6 24. Qxb7 Qe3+ 25. Rf2 Rb6 26. Qa7 Rd7 27. Qa8+ Kg7
28. Na4 Rbb7 29. Qxa6 Ra7 30. Qb6 Qg5 31. Nc3 Rab7 32. Qa6 Rxb2 33. Rxd6 Nf4 34.
Rxd7 Bxd7 35. Qd6 Nh3+ 36. Bxh3 Bxh3 37. f4 exf4 38. Qxf4 Qe7 39. a4 Qa7 40. Qc1
Qb6 41. Nb5 Ra2 42. g4 Qe3 43. Qd1 Rxc2 0-1

[Event "24th Dubai Open A 2024"]
[Site "Dubai UAE"]
[Date "2024.05.25"]
[Round "1.29"]
[White "Mendes Aaron Reeve"]
[Black "Zhao, Yuanhe"]
[Result "0-1"]
[WhiteTitle "FM"]
[BlackTitle "IM"]
[WhiteElo "2306"]
[BlackElo "2463"]
[WhiteFideId "25954938"]
[BlackFideId "8609497"]
[EventDate "2024.05.25"]

1. e4 c5 2. Nf3 a6 3. c4 e6 4. Nc3 Qc7 5. d4 cxd4 6. Nxd4 Nf6 7. Bd3 Nc6 8. Nxc6
dxc6 9. O-O e5 10. h3 Be6 11. Be3 Nd7 12. Rc1 Bc5 13. Qe2 O-O 14. Na4 Bxe3 15.
Qxe3 Qa5 16. b3 b5 17. cxb5 cxb5 18. Nc3 Rfc8 19. Bb1 Qb6 20. Qd2 Rc5 21. Nd5
Bxd5 22. Rxc5 Qxc5 23. Rc1 Qa3 24. exd5 Rd8 25. d6 g6 26. Rc7 Nf8 27. Qd5 Ne6
28. Rc6 Qb2 29. Qd1 a5 30. Bd3 Nd4 31. Rb6 Qc3 32. Qf1 Qc5 33. Ra6 b4 34. Be4
Rxd6 35. Ra8+ Kg7 36. Qc4 Ne6 37. Bd3 Qc7 38. Qb5 Rd4 39. Bf1 Rd1 40. Kh2 e4+
41. g3 Qd6 42. Rxa5 Nd4 43. Qc4 Qf6 44. f4 Nf3+ 45. Kg2 Rd2+ 46. Be2 Nd4 47. Kf2
Rxe2+ 48. Qxe2 Nxe2 49. Kxe2 Qc3 50. Rg5 Qd3+ 51. Ke1 e3 52. Re5 Qd2+ 53. Kf1
Qf2# 0-1

[Event "24th Dubai Open A 2024"]
[Site "Dubai UAE"]
[Date "2024.05.25"]
[Round "1.30"]
[White "Sanikidze, Tornike"]
[Black "Heinemann, Josefine"]
[Result "1-0"]
[WhiteTitle "GM"]
[BlackTitle "WGM"]
[WhiteElo "2453"]
[BlackElo "2303"]
[WhiteFideId "13602608"]
[BlackFideId "12900460"]
[EventDate "2024.05.25"]

1. Nf3 d5 2. c4 e6 3. g3 Nf6 4. Bg2 dxc4 5. Qa4+ Nbd7 6. Qxc4 a6 7. Qb3 Rb8 8.
O-O b5 9. d3 Bb7 10. Bd2 c5 11. a4 Bd6 12. axb5 axb5 13. Nc3 O-O 14. Qc2 Qb6 15.
Ng5 h6 16. Bxb7 Qxb7 17. Nge4 Be7 18. Bf4 Nxe4 19. Nxe4 Ra8 20. Nc3 Nf6 21. Qb3
b4 22. Na4 Ra5 23. Qc4 Rfa8 24. b3 Nd7 25. Rac1 Nb6 26. Nxb6 Qxb6 27. Be3 Qb7
28. Qg4 Kh7 29. Rc4 Ra1 30. f3 Rxf1+ 31. Kxf1 Qd5 32. Qe4+ f5 33. Qxd5 exd5 34.
Rc1 Ra3 35. Bxc5 Bxc5 36. Rxc5 Rxb3 37. Rxd5 Rb1+ 38. Kf2 Kg6 39. Rb5 Kf6 40.
Ke3 b3 41. h4 Rb2 42. Rb6+ Kf7 43. h5 Ke7 44. d4 Kf7 45. d5 Ke7 46. Kf4 Rxe2 47.
Rxb3 Kd6 48. Rb7 Rh2 49. Rxg7 Kxd5 50. Rf7 Ke6 51. Rxf5 Ra2 52. g4 Ra4+ 53. Kg3
Rb4 54. Rf8 Rb6 55. Kf4 Rb4+ 56. Ke3 Rb3+ 57. Kf4 Rb4+ 58. Kg3 Rb6 59. Kh4 Rb3
60. f4 Rf3 61. Rh8 Rxf4 62. Rxh6+ Kf7 63. Kg5 Ra4 64. Rf6+ Kg7 65. h6+ Kh7 66.
Rf7+ Kg8 67. Re7 Ra6 68. Kh5 Kh8 69. g5 Ra5 70. Rf7 Kg8 71. Re7 Kh8 72. Kg6 Ra8
73. Kf6 Rf8+ 74. Rf7 Ra8 75. g6 Ra6+ 76. Kg5 Ra8 77. Rf5 Rg8 78. Kh5 Ra8 79. h7 1-0

[Event "24th Dubai Open A 2024"]
[Site "Dubai UAE"]
[Date "2024.05.25"]
[Round "1.31"]
[White "Zherebtsova, Alexandra"]
[Black "Mammadzada, Gunay"]
[Result "1/2-1/2"]
[WhiteTitle "FM"]
[BlackTitle "IM"]
[WhiteElo "2302"]
[BlackElo "2436"]
[WhiteFideId "24129518"]
[BlackFideId "13403729"]
[EventDate "2024.05.25"]

1. d4 Nf6 2. c4 e6 3. Nc3 Bb4 4. e3 O-O 5. Bd2 d5 6. Nf3 c6 7. Bd3 Nbd7 8. O-O
Qe7 9. a3 dxc4 10. Bxc4 Bd6 11. e4 e5 12. Bg5 h6 13. Bh4 exd4 14. Qxd4 Ne5 15.
Be2 Bg4 16. Qe3 Ng6 17. Bg3 Bc5 18. Qc1 Bb6 19. Re1 Nh5 20. Nd4 Bxd4 21. Bxg4
Nxg3 22. hxg3 Qf6 23. Re2 Ne5 24. Bf5 Nd3 25. Qc2 Nxb2 26. e5 Bxe5 27. Bh7+ Kh8
28. Ne4 Qd8 29. Nc5 Qd4 30. Rae1 Bf6 31. Bf5 Qc3 32. Nd7 Rfd8 33. Nxf6 Qxf6 34.
Be4 Re8 35. Bf3 Rxe2 36. Rxe2 Rd8 37. Qxb2 Rd1+ 38. Kh2 Qxb2 39. Rxb2 Rd7 40.
Bg4 Rc7 41. Rd2 g5 42. Rd7 Rxd7 43. Bxd7 Kg7 44. Kg1 Kf6 45. Bc8 b6 46. Kf1 Ke5
47. Ke2 Kd4 48. Kd2 c5 49. Ba6 f6 50. a4 h5 51. Kc2 f5 52. Be2 h4 53. gxh4 gxh4
54. Ba6 f4 55. Kd2 c4 56. Bb7 a5 57. f3 c3+ 58. Kc2 Ke3 59. Bc8 Kd4 60. Bd7 Kc4
61. Be6+ Kd4 62. Bg4 Kc4 63. Bf5 Kb4 64. Bd7 Kc4 65. Be8 Kd4 66. Bf7 Ke3 67. Be6
Kd4 68. Kb3 Kd3 69. Bh3 Kd4 70. Bf5 Ke5 71. Bg6 Kd4 72. Bf5 Ke5 73. Bh7 Kd4 74.
Kc2 Kc4 75. Bg8+ Kd4 76. Bf7 Ke3 77. Be6 1/2-1/2

[Event "24th Dubai Open A 2024"]
[Site "Dubai UAE"]
[Date "2024.05.25"]
[Round "1.32"]
[White "Durak, Can"]
[Black "George Micheal, Kevin"]
[Result "0-1"]
[WhiteTitle "IM"]
[BlackTitle "IM"]
[WhiteElo "2434"]
[BlackElo "2258"]
[WhiteFideId "44552971"]
[BlackFideId "10669515"]
[EventDate "2024.05.25"]

1. d4 Nf6 2. Bg5 e6 3. Nf3 c5 4. e3 d5 5. Nbd2 Nbd7 6. c3 Be7 7. Ne5 O-O 8. Bd3
Nxe5 9. dxe5 Nd7 10. Bxe7 Qxe7 11. f4 f6 12. exf6 Rxf6 13. Qh5 g6 14. Qg5 e5 15.
O-O exf4 16. Qxd5+ Kg7 17. Qe4 Re6 18. Qxf4 Rd6 19. Bc4 Rxd2 20. Qc7 Qg5 21.
Rf7+ Kh6 22. Bf1 Nf6 23. h4 Qxh4 24. Qe7 Qf2+ 25. Kh2 Rd7 26. Qf8+ Kg5 27. Qxc5+
Qf5 28. Qxf5+ gxf5 0-1

[Event "24th Dubai Open A 2024"]
[Site "Dubai UAE"]
[Date "2024.05.25"]
[Round "1.34"]
[White "Garifullina, Leya"]
[Black "Khalifa Essa, Albalooshi"]
[Result "1-0"]
[WhiteTitle "IM"]
[WhiteElo "2430"]
[BlackElo "2135"]
[WhiteFideId "34127035"]
[BlackFideId "9315853"]
[EventDate "2024.05.25"]

1. e4 e5 2. Nf3 Nc6 3. Bb5 a6 4. Ba4 Nf6 5. d3 Bc5 6. Nc3 d6 7. Nd5 h6 8. c3 Bd7
9. Ne3 Ne7 10. Bc2 Ng6 11. O-O O-O 12. d4 Ba7 13. Re1 Re8 14. Nf5 exd4 15. N3xd4
d5 16. exd5 Rxe1+ 17. Qxe1 Bxf5 18. Nxf5 Qxd5 19. Be3 Re8 20. Qd1 Bxe3 21. Nxe3
Qxd1+ 22. Rxd1 Nf4 23. g3 Ne6 24. Nc4 g6 25. Ne5 Rd8 26. Re1 Ng5 27. Re2 Re8 28.
Kf1 c6 29. a4 Re7 30. a5 Nd7 31. Nc4 Rxe2 32. Kxe2 Ne6 33. f4 Kf8 34. f5 gxf5
35. Nd6 b6 36. Nxf5 h5 37. Be4 c5 38. Bf3 bxa5 39. Bxh5 Ne5 40. Kd2 Nc4+ 41. Kc2
Ng7 42. Nxg7 Kxg7 43. Be2 Nb6 44. Bxa6 Kf6 45. Be2 Ke5 46. Kd2 f5 47. h4 Na4 48.
Bb5 Nb6 49. Ke3 Nd5+ 50. Kf3 Nf6 51. Bd3 Ng4 52. Bf1 Nf6 53. Bh3 Nd5 54. h5 Kf6
55. h6 Kg6 56. Bxf5+ Kxh6 57. Be6 Nb6 58. Bb3 a4 59. Ba2 Kg5 60. g4 Nd7 61. Be6
Nb6 62. Ke4 a3 63. bxa3 Na4 64. c4 1-0

[Event "24th Dubai Open A 2024"]
[Site "Dubai UAE"]
[Date "2024.05.25"]
[Round "1.35"]
[White "Ali, Abdulaziz"]
[Black "Dimakiling, Oliver"]
[Result "0-1"]
[BlackTitle "IM"]
[WhiteElo "1995"]
[BlackElo "2425"]
[WhiteFideId "9304347"]
[BlackFideId "5202248"]
[EventDate "2024.05.25"]

1. e4 e5 2. Nf3 Nc6 3. Bb5 a6 4. Ba4 Nf6 5. O-O d6 6. c3 Nxe4 7. d4 b5 8. Bb3 d5
9. dxe5 Be6 10. Nbd2 Nc5 11. Bc2 Bg4 12. Re1 Be7 13. h3 Bh5 14. Nb3 Ne6 15. g4
Bg6 16. Nfd4 Ncxd4 17. Nxd4 Nxd4 18. cxd4 O-O 19. f4 Be4 20. Rxe4 dxe4 21. Bxe4
Rb8 22. Be3 g6 23. Qc2 Bb4 24. f5 Qh4 25. Kg2 Be1 26. Rxe1 Qxe1 27. Bf2 Qb4 28.
a3 Qc4 29. Qd2 Rb6 30. f6 Kh8 31. Bf3 Re6 32. Qe3 c6 33. b4 Rfe8 34. Qh6 Rg8 35.
Qe3 Ree8 36. h4 Qe6 37. Qc1 Rc8 38. Qe3 Qd7 39. Be1 Rcd8 40. Bf2 Rde8 41. Qc1
Re6 42. Kh2 Qd8 43. Kh3 a5 44. Bxc6 axb4 45. axb4 Qc8 46. d5 Rxe5 47. Qf4 Re2
48. Bc5 Qa6 49. Bf2 Rc2 50. Bg3 Qa1 51. Qf3 Rc3 52. Qf2 h5 53. Bb7 Qh1+ 54. Qh2
Qf1+ 55. Qg2 hxg4+ 56. Kh2 Qf5 57. Kg1 Rc1+ 0-1

[Event "24th Dubai Open A 2024"]
[Site "Dubai UAE"]
[Date "2024.05.26"]
[Round "2.1"]
[White "Rathanvel, V S"]
[Black "Sadhwani, Raunak"]
[Result "0-1"]
[WhiteTitle "IM"]
[BlackTitle "GM"]
[WhiteElo "2471"]
[BlackElo "2654"]
[WhiteFideId "25002112"]
[BlackFideId "35093487"]
[EventDate "2024.05.25"]

1. e4 e6 2. d4 d5 3. Nc3 Nf6 4. e5 Nfd7 5. f4 c5 6. Nf3 Nc6 7. Be3 a6 8. a3 Qc7
9. Qd2 cxd4 10. Nxd4 Bc5 11. Nb3 b6 12. Qf2 Bxe3 13. Qxe3 Bb7 14. Qg3 O-O 15.
Bd3 Nc5 16. Nd2 f6 17. exf6 Rxf6 18. O-O Nd4 19. Rf2 Nxd3 20. cxd3 Raf8 21. Raf1
Nf5 22. Qf3 Rg6 23. Qe2 d4 24. Nd1 Rh6 25. Ne4 Rc8 26. Rf3 Bd5 27. g4 Rg6 28. h3
h5 29. g5 h4 30. Ndf2 Ng3 31. Nxg3 Bxf3 32. Qxf3 hxg3 33. Ng4 e5 34. Nxe5 Rd6
35. g6 Re8 36. Qh5 Qc2 37. Qh7+ Kf8 38. Qh8+ Ke7 39. Qxg7+ Kd8 40. Nf7+ Kd7 41.
Nxd6+ Re7 42. Qxe7+ Kxe7 43. Nf5+ Kf6 44. Nxg3 Qxd3 45. Kg2 Kxg6 46. f5+ Kf7 47.
Rf2 Qc4 48. f6 d3 49. Nf1 Qd4 50. Kg3 a5 51. Kg2 b5 52. Kg3 a4 53. Kg2 Qd5+ 54.
Kg3 Qe5+ 55. Kg2 Qd4 56. Kg3 d2 57. Rxd2 Qg1+ 0-1

[Event "24th Dubai Open A 2024"]
[Site "Dubai UAE"]
[Date "2024.05.26"]
[Round "2.2"]
[White "Zhao, Yuanhe"]
[Black "Ivic, Velimir"]
[Result "1/2-1/2"]
[WhiteTitle "IM"]
[BlackTitle "GM"]
[WhiteElo "2463"]
[BlackElo "2595"]
[WhiteFideId "8609497"]
[BlackFideId "950122"]
[EventDate "2024.05.25"]

1. Nf3 Nf6 2. c4 e6 3. e3 d5 4. b3 Bd6 5. Bb2 O-O 6. Nc3 Re8 7. d4 b6 8. Bd3 Bb7
9. O-O Nbd7 10. cxd5 exd5 11. Nb5 Bf8 12. Rc1 c6 13. Nc3 g6 14. Re1 Rc8 15. Rc2
c5 16. dxc5 bxc5 17. Bb5 Re6 18. Ne2 Rb6 19. Bxd7 Qxd7 20. Nf4 Re8 21. Nd3 Ne4
22. Nfe5 Qc7 23. f3 Nf6 24. Nxc5 Bxc5 25. Nd3 Rc6 26. Nxc5 Rxc5 27. Rxc5 Qxc5
28. Bxf6 Rxe3 29. Rxe3 Qxe3+ 30. Kh1 Qe6 31. Qa1 h5 32. h3 a6 33. Qc3 Kf8 34.
Bg5 Kg8 35. Qd4 Bc6 36. Bf6 Bb5 37. Qf4 Bd7 38. Bc3 Be8 39. a4 Kf8 40. Qg5 Kg8
41. b4 Qd6 42. Be5 f6 43. Bxf6 d4 44. Be5 Qe6 45. Bxd4 Bxa4 46. Qd8+ Be8 47. Qc7
Bd7 48. Qf4 Qe1+ 49. Kh2 Qe6 50. Be5 Qf5 51. Qd4 Qe6 52. Qe4 Bc6 53. Qe3 Bd7 54.
Qg5 Be8 55. Kh1 Bc6 56. Bc3 Qd6 57. Qh6 Qd1+ 58. Kh2 Qd6+ 59. f4 Kf7 60. Qg7+
Ke8 61. Qg8+ Ke7 62. Qh7+ Ke8 63. Be5 Qe6 64. Qh8+ Ke7 65. Kg1 Kf7 66. Qd8 Qe7
67. Qc8 Bb7 68. Qh8 Be4 69. Qg7+ Ke6 70. Qg8+ Kd7 71. Qc4 Bf5 72. Qd5+ Ke8 73.
Qc6+ Kf7 74. Qb6 Qe6 75. Qe3 Qc6 76. Qa7+ Ke8 77. Kh2 Be4 78. Qb8+ Ke7 79. Qh8
Qc2 80. Qf6+ Kd7 81. Qd6+ Ke8 82. Qe6+ Kd8 83. Bf6+ Kc7 84. Qe5+ Kc6 85. Qg5 Kd7
86. Bd4 Kc8 87. Bc5 Qd2 88. Qg3 Kd7 89. Qg5 Kc8 90. Bb6 Qc2 91. Qd8+ Kb7 92. Bf2
Qc7 93. Qg5 Bf5 94. Bd4 Qd6 95. Bc5 Qd7 96. Qf6 Qe6 97. Qd8 Kc6 98. Qa8+ Kd7 99.
Qb7+ Ke8 100. Qb8+ Kd7 101. Bb6 Kc6 102. Qc7+ Kb5 103. Bc5 Qc6 104. Qa5+ Kc4
105. Qa2+ Kb5 106. Qe2+ Ka4 107. Qc4 Qe6 108. Qf1 1/2-1/2

[Event "24th Dubai Open A 2024"]
[Site "Dubai UAE"]
[Date "2024.05.26"]
[Round "2.3"]
[White "Dimakiling, Oliver"]
[Black "Safarli, Eltaj"]
[Result "0-1"]
[WhiteTitle "IM"]
[BlackTitle "GM"]
[WhiteElo "2425"]
[BlackElo "2594"]
[WhiteFideId "5202248"]
[BlackFideId "13402129"]
[EventDate "2024.05.25"]

1. d4 Nf6 2. Nf3 g6 3. Nbd2 d5 4. e3 Bg7 5. b4 O-O 6. Bb2 a5 7. a3 Bf5 8. b5 c5
9. c4 cxd4 10. exd4 Ne4 11. Be2 Nxd2 12. Nxd2 Nd7 13. O-O dxc4 14. Nxc4 Nb6 15.
Ne5 Be4 16. Rc1 Qd5 17. Rc5 Qa2 18. Qa1 Qxa1 19. Bxa1 Rfd8 20. f3 Bd5 21. Kf2
Be6 22. f4 f6 23. Nf3 Bd5 24. g4 e6 25. f5 Bf8 26. fxe6 Bxe6 27. g5 f5 28. h4
Nd5 29. Re1 Nf4 30. Bf1 Rac8 31. Rc3 Bd5 32. Ne5 Rxc3 33. Bxc3 Rc8 34. Bxa5 Bxa3
35. Nd7 Rc2+ 36. Kg1 Kf7 37. Ne5+ Kg7 38. Bd8 Nh5 39. Re2 Rc1 40. Kf2 Bd6 41.
Rb2 Rc8 42. Ba5 Nf4 43. Bb4 Bxb4 44. Rxb4 Rc3 45. b6 Be6 46. Rb5 Rc2+ 47. Ke3
Nd5+ 48. Kd3 Rf2 49. Be2 Nf4+ 50. Ke3 Rxe2+ 51. Kxf4 Re4+ 52. Kg3 Rxd4 53. Rc5
Kf8 54. Rc7 Re4 55. Nc6 Bd5 56. Nb8 Rg4+ 57. Kh3 Rb4 58. Nd7+ Ke7 59. Nf6+ Ke6
60. Re7+ Kxe7 61. Nxd5+ Kd6 62. Nxb4 Kc5 63. Nd3+ Kxb6 64. h5 gxh5 65. Kh4 Kb5
66. Kxh5 Kc4 67. Ne5+ Kc3 68. Kh6 b5 69. Kxh7 b4 70. g6 b3 71. Nc4 0-1

[Event "24th Dubai Open A 2024"]
[Site "Dubai UAE"]
[Date "2024.05.26"]
[Round "2.4"]
[White "Sethuraman, S.P."]
[Black "Sanikidze, Tornike"]
[Result "1/2-1/2"]
[WhiteTitle "GM"]
[BlackTitle "GM"]
[WhiteElo "2588"]
[BlackElo "2453"]
[WhiteFideId "5021596"]
[BlackFideId "13602608"]
[EventDate "2024.05.25"]

1. e4 e5 2. Nf3 Nc6 3. Bc4 Bc5 4. d3 d6 5. c3 h6 6. b4 Bb6 7. a4 a6 8. O-O Nge7
9. Qb3 O-O 10. Be3 Ng6 11. Nbd2 Ba7 12. d4 Qf6 13. Qb2 Nd8 14. b5 Ne6 15. Bd5
exd4 16. cxd4 Rb8 17. g3 axb5 18. axb5 Bb6 19. Kg2 Ne7 20. Bb3 Qg6 21. Nh4 Qg4
22. f4 Qe2+ 23. Bf2 Bxd4 24. Qa2 Bxa1 25. Rxa1 Qxb5 26. f5 Nc5 27. Bc4 Qc6 28.
Rc1 Nxf5 29. Ng6 Be6 30. Bxe6 fxe6 31. Kg1 Rf6 32. exf5 Kh7 33. Nf4 Rxf5 34. Nb3
Qe4 35. Nxc5 dxc5 36. Re1 Qf3 37. Nxe6 Ra8 38. Qc2 b6 39. Nf4 Rf8 40. Re3 Qg4
41. h3 Qg5 42. Ne6 Qg6 43. Nxf8+ Rxf8 44. Qxg6+ Kxg6 45. Kf1 c4 46. Ke2 b5 47.
Re5 Rf5 48. Re7 Rf7 49. Re6+ Rf6 50. Rxf6+ Kxf6 51. Bd4+ Kf7 52. Be5 c6 53. Ke3
g6 54. Kd4 Ke6 55. Bf4 h5 56. g4 Ke7 57. Kc5 Kd7 58. Bd2 Kc7 59. Ba5+ Kd7 60.
Bc3 hxg4 61. hxg4 Kc7 62. Bd2 Kd7 63. Bc3 Kc7 64. Be1 Kd7 65. Bd2 Kc7 66. Bc1
Kd7 67. Bb2 Ke6 68. Bh8 Kd7 69. Bg7 Kc7 70. Bb2 Kd7 71. Bc3 Kc7 72. Bb4 Kd7 73.
Kd4 Ke6 74. Ke4 Kf6 75. Kf4 Ke6 76. Ke4 Kf6 77. Bd2 Ke6 78. Kd4 Kd6 79. Bf4+ Ke6
80. Kc5 Kd7 81. Bh6 Ke6 82. Kxc6 Ke5 83. Kxb5 Ke4 84. Kxc4 g5 85. Bxg5 Kf3 86.
Kd4 1/2-1/2

[Event "24th Dubai Open A 2024"]
[Site "Dubai UAE"]
[Date "2024.05.26"]
[Round "2.5"]
[White "Sanal, Vahap"]
[Black "Garifullina, Leya"]
[Result "1-0"]
[WhiteTitle "GM"]
[BlackTitle "IM"]
[WhiteElo "2566"]
[BlackElo "2430"]
[WhiteFideId "6300545"]
[BlackFideId "34127035"]
[EventDate "2024.05.25"]

1. e4 c5 2. Nf3 d6 3. Nc3 Nf6 4. Bb5+ Bd7 5. Qe2 Nc6 6. Bxc6 Bxc6 7. d4 cxd4 8.
Nxd4 e5 9. Nxc6 bxc6 10. b3 Be7 11. Bb2 O-O 12. O-O-O Nd7 13. g3 a5 14. f4 a4
15. Nxa4 Rxa4 16. bxa4 Qb6 17. Rd3 Nc5 18. Rb3 Qc7 19. Ba3 Qa5 20. Rd1 Qxa4 21.
Bxc5 dxc5 22. c4 g6 23. Kb1 Qa7 24. f5 gxf5 25. exf5 Bf6 26. Qe4 Ra8 27. a3 Qc7
28. Ka2 Kf8 29. h4 h6 30. Qe3 Kg7 31. Qe4 Kf8 32. Rd2 Re8 33. Rdb2 Qd6 34. Rd3
Qc7 35. Kb1 Ra8 36. Kc1 Kg7 37. Kd1 Rb8 38. Rxb8 Qxb8 39. Kc2 Qc7 40. Rb3 Kf8
41. Kd1 Kg7 42. Ke2 h5 43. Kf2 Qd7 44. Qd3 Qe7 45. Kf3 Qa7 46. Kg2 Qe7 47. Qe4
Qd7 48. Rd3 Qb7 49. Rd2 Qb3 50. Qd3 Qa4 51. Re2 Qa6 52. Kh2 Qa5 53. Kh3 Qa4 54.
Re4 Qa6 55. g4 Qc8 56. Qd6 Qb7 57. Qd3 hxg4+ 58. Rxg4+ Kh7 59. Rg3 Qe7 60. Qf3
Kh6 61. Qxc6 e4 62. Re3 Qe5 63. Qxe4 Qa1 64. Re1 Qb2 65. Qf3 Qc2 66. Re4 Bd4 67.
f6 Qxc4 68. Qf4+ Kg6 69. Qg5+ 1-0

[Event "24th Dubai Open A 2024"]
[Site "Dubai UAE"]
[Date "2024.05.26"]
[Round "2.6"]
[White "Ezat, Mohamed"]
[Black "Li, Di"]
[Result "1/2-1/2"]
[WhiteTitle "IM"]
[BlackTitle "GM"]
[WhiteElo "2340"]
[BlackElo "2563"]
[WhiteFideId "10600906"]
[BlackFideId "8607508"]
[EventDate "2024.05.25"]

1. d4 Nf6 2. Nf3 g6 3. Nbd2 d5 4. e3 c5 5. dxc5 Bg7 6. c3 a5 7. b4 O-O 8. Bb2 b6
9. cxb6 Qxb6 10. a3 Nc6 11. Be2 e5 12. O-O e4 13. Nd4 Nxd4 14. cxd4 Bd7 15. Bc3
a4 16. Nb1 Rfc8 17. Bd2 Ne8 18. Nc3 Qb7 19. b5 Nd6 20. Nxa4 Bxb5 21. Nc5 Rxc5
22. dxc5 Bxa1 23. Bxb5 Be5 24. cxd6 Qxb5 25. Bb4 Rd8 26. g3 d4 27. exd4 Bxd6 28.
Qd2 Bxb4 29. Qxb4 Qd3 30. Qe7 Qxd4 31. Re1 Ra8 32. Qxe4 1/2-1/2

[Event "24th Dubai Open A 2024"]
[Site "Dubai UAE"]
[Date "2024.05.26"]
[Round "2.7"]
[White "Goh, Zi Han"]
[Black "Erdogmus, Yagiz Kaan"]
[Result "0-1"]
[WhiteTitle "FM"]
[BlackTitle "IM"]
[WhiteElo "2306"]
[BlackElo "2553"]
[WhiteFideId "5819156"]
[BlackFideId "44599790"]
[EventDate "2024.05.25"]

1. d4 Nf6 2. c4 e6 3. g3 d5 4. Bg2 dxc4 5. Nf3 Nc6 6. O-O Rb8 7. e3 Be7 8. Qe2
b5 9. b3 O-O 10. bxc4 bxc4 11. Rd1 Ba6 12. Ne5 Nxe5 13. dxe5 Nd5 14. Qg4 Qe8 15.
e4 Nf6 16. Qf4 Nd7 17. Nc3 Bb4 18. Bd2 Nc5 19. Qg4 Nd3 20. Bh6 g6 21. Ne2 Bc5
22. Rf1 f5 23. exf5 Rxf5 24. Nd4 Nxe5 25. Qh4 g5 26. Bxg5 Ng6 27. Qg4 Rxg5 28.
Qxg5 Bxd4 29. Rae1 Kg7 30. h4 c3 31. h5 Bxf1 32. Rxf1 Bf6 33. Qg4 Rb2 34. hxg6
hxg6 35. Re1 Qf7 36. Qc4 Rd2 37. Re4 c2 38. Kh2 Bb2 0-1